| 000 | 00774nam a2200217Ia 4500 | ||
|---|---|---|---|
| 003 | GCL | ||
| 008 | 140319s9999 xx 000 0 ara d | ||
| 020 | _a9125979977 | ||
| 040 |
_aGCL / _cGCL |
||
| 082 | 0 | 4 |
_aق _b923.5 _bم م |
| 100 | 1 | _aمحمد الجوادى | |
| 245 | 1 | 0 |
_aمذكرات قادة العسكرية المصرية 1973 النصر الوحيد / _cمحمد الجوادى |
| 250 | _aالاولى | ||
| 260 |
_aالقاهرة : _bمطبوعات دار الخيال ، _c2000 |
||
| 300 |
_a687 ص ؛ _c26 سم |
||
| 650 | 0 | 4 | _aالضباط |
| 650 | 0 | 4 | _aحرب اكتوبر 1973 |
| 650 | 0 | 4 | _aالعسكريون المصريون |
| 650 | 0 | 4 | _aمصر - تاريخ - العصر الحديث - انور السادات (1971 - 1981) |
| 942 |
_2ddc _cBK |
||
| 999 |
_c34657 _d34657 |
||